000 01605nam a22002417a 4500
001 3411
003 FISKH
005 20240305152144.0
008 240304b cb ||||| |||| 00| 0 eng d
040 _aFISK
_beng
_cFISK
_dFISK
050 _aPR6015.U9
082 _a823.912
100 _aHuxley Aldous :
_d1894-1963
245 _aBrave new world /
_cAldous Huxley
260 _aNew York :
_bHarper and Brothers,
_c1998
300 _a268 pages :
_c21 cm
505 _aQ
520 _aTowering classic of dystopian satire, BRAVE NEW WORLD is a brilliant and terrifying vision of a soulless society--and of one man who discovers the human costs of mindless conformity. Hundreds of years in the future, the World Controllers have created an ideal civilization. Its members, shaped by genetic engineering and behavioral conditioning, are productive and content in roles they have been assigned at conception. Government-sanctioned drugs and recreational sex ensure that everyone is a happy, unquestioning consumer; messy emotions have been anesthetized and private attachments are considered obscene. Only Bernard Marx is discontented, developing an unnatural desire for solitude and a distaste for compulsory promiscuity. When he brings back a young man from one of the few remaining Savage Reservations, where the old unenlightened ways still continue, he unleashes a dramatic clash of cultures that will force him to consider whether freedom, dignity, and individuality are worth suffering for.
521 8 _a870
_bLexile
700 _aAldous Huxley
942 _2ddc
_cBK
_n0
999 _c3411
_d3411